Visit El Salvador. (Record no. 51380)

MARC details
000 -LEADER
fixed length control field 00775cam a22002771 4500
001 - CONTROL NUMBER
control field pa 58000068
003 - CONTROL NUMBER IDENTIFIER
control field DLC
005 - DATE AND TIME OF LATEST TRANSACTION
control field 20260227111854.0
008 - FIXED-LENGTH DATA ELEMENTS--GENERAL INFORMATION
fixed length control field 840621s1958 dcuab b i000 0 eng
010 ## - LIBRARY OF CONGRESS CONTROL NUMBER
LC control number pa 58000068
035 ## - SYSTEM CONTROL NUMBER
System control number (OCoLC)10869144
040 ## - CATALOGING SOURCE
Original cataloging agency DLC
Transcribing agency KWiU
Modifying agency DLC
042 ## - AUTHENTICATION CODE
Authentication code premarc
050 00 - LIBRARY OF CONGRESS CALL NUMBER
Classification number F1483.5
Item number .P3 1958
082 ## - DEWEY DECIMAL CLASSIFICATION NUMBER
Classification number 917.284
110 2# - MAIN ENTRY--CORPORATE NAME
Corporate name or jurisdiction name as entry element Pan American Union.
Subordinate unit Travel Division.
245 10 - TITLE STATEMENT
Title Visit El Salvador.
250 ## - EDITION STATEMENT
Edition statement [Rev. ed.]
260 ## - PUBLICATION, DISTRIBUTION, ETC.
Place of publication, distribution, etc. Washington
Date of publication, distribution, etc. [1958]
300 ## - PHYSICAL DESCRIPTION
Extent 24 p.
Other physical details illus. map.
Dimensions 23 cm.
490 1# - SERIES STATEMENT
Series statement Its Travel in the Americas
500 ## - GENERAL NOTE
General note Cover title.
504 ## - BIBLIOGRAPHY, ETC. NOTE
Bibliography, etc. note Bibliography: p. 24.
651 #0 - SUBJECT ADDED ENTRY--GEOGRAPHIC NAME
Geographic name El Salvador
Form subdivision Guidebooks.
810 2# - SERIES ADDED ENTRY--CORPORATE NAME
Corporate name or jurisdiction name as entry element Pan American Union.
Subordinate unit Travel Division.
Title of a work Travel in the Americas.

No items available.

Powered by Koha